Ricardo Hala y sus veinticinco años de realismo /
Furkejuvvon:
| Váldodahkki: | |
|---|---|
| Materiálatiipa: | Dovdameahttun |
| Giella: | Spanish |
| Fáttát: | |
| Fáddágilkorat: |
Lasit fáddágilkoriid
Eai fáddágilkorat, Lasit vuosttaš fáddágilkora!
|
MARC
| LEADER | 000000000a22000000004500 | ||
|---|---|---|---|
| 001 | 006485 | ||
| 041 | 0 | |a spa | |
| 100 | 1 | |a Pelletiere, Osvaldo | |
| 245 | 1 | 0 | |a Ricardo Hala y sus veinticinco años de realismo / |c Osvaldo Pelletiere. |
| 650 | 4 | |a TEATRO ARGENTINO | |
| 650 | 4 | |a SOLEDAD PARA CUATRO | |
| 650 | 4 | |a ANÁLISIS LITERARIO | |
| 650 | 4 | |a CRÍTICA TEATRAL | |
| 773 | 0 | |d Estados Unidos : Center of Latin American Studies, University of Kansas |t Latin American Theatre Review |g (1985), páginas 85-89 | |
| 942 | |c ARC | ||
| 999 | |c 12901 |d 12901 | ||
